Jazz Musicians by Picture - Statistics

General Stats
  • This quiz has been taken 829 times
  • The average score is 14 of 24
Answer Stats
Picture Answer % Correct
Louis Armstrong
95%
Frank Sinatra
88%
Miles Davis
84%
Ella Fitzgerald
80%
John Coltrane
78%
Duke Ellington
69%
Chet Baker
67%
Billie Holiday
64%
Nat King Cole
63%
Charlie Parker
61%
Herbie Hancock
61%
Dizzy Gillespie
60%
Charles Mingus
59%
Nina Simone
54%
Thelonious Monk
54%
Bill Evans
53%
Django Reinhardt
47%
Dave Brubeck
46%
Art Blakey
44%
Sonny Rollins
37%
Count Basie
35%
Keith Jarrett
23%
Ornette Coleman
18%
Mary Lou Williams
13%
No matching quizzes found
Score Distribution
Percent of People with Each Score
Percentile by Number Answered
Your Score History
You have not taken this quiz